000 00771nam a22002297a 4500
005 20170124110018.0
010 _aA-936399
020 _c00.00
_a8186030522
035 _aA-936399
037 _bCen Lib/Ret
040 _aDPL
_bEN
082 _a371.2
_bSRI
100 _aSrivastava, R.C.
_917670
245 _aParticipative management of education /
_cby R.C. Srivastava
260 _aNew Delhi
_bRegency Publications
_c1997
270 _bNew Delhi
_a20/36-G, old market, west patel nagar
_e110008
300 _av, 268p.
_c21cm(Hb)
500 _aIncludes bibliographical references
650 _aSchool management and organization
_918164
650 _aTeacher participation in administration
_zIndia
_919096
942 _2ddc
_cEN
_h371.2
_mSRI
999 _c127001
_d127001